000 00473nam a2200193Ia 4500
005 20140402152223.0
008 140130s9999 xx 000 0 und d
020 _a0439443857
050 _aPZ 7
_b.H67445Gr 2003
100 _aHoffman, Alice
_923731
245 _cAlice Hoffman.
_aGreen Angel /
260 _bScholastic,
_c2003.
_aUSA :
300 _a116 p. :
_c19 cm.
440 _v1
_931174
521 _aG8
526 _c910
942 _cBK
_2lcc
999 _c41278
_d41278